000 01249nam0a2200289 4500
001 RU\NLR\BIBL_A\010408414
005 20250614044539.0
010 _a5-900977-01-3
_91000
035 _a(NLR Aleph) 010408414
090 _a9741293
_c9741293
100 _a20140625d1995 |||y0rusy50 ca
101 0 _arus
_deng
102 _aRU
105 _aac||z||||01yy
200 1 _aКак победить детский церебральный паралич: разумом специалиста, сердцем матери
_fТ. И. Серганова
210 _aСанкт-Петербург
_cИзд-во ТАС
_d1995
215 _a191, [1] c.
_cил., портр.
_d29
300 _aНа обороте тит. л. авт.: врач, детский невропатолог, к. м. н.
300 _aРез. на англ. яз.
320 _aБиблиогр.: с. 183-192
606 1 _aДетский церебральный паралич
_xВосстановительная терапия
_92147953
_3RU\NLR\AUTH\661598540
686 1 _aР733.627.706.1-5
700 1 _aСерганова
_bТ. И.
_gТаисия Ивановна
942 _cBOOK
980 _aNB